Mô hình kinh tế trang trại vùng đồi núi
Sách giới thiệu những trang trại điển hình trong chăn nuôi, trồng trọt ở một số tỉnh thuộc trung du, miền núi như Tuyên Quang, Yên Bái, Thanh Hóa, Darlak.
Đã lưu trong:
| Tác giả chính: | |
|---|---|
| Định dạng: | Sách |
| Ngôn ngữ: | Undetermined |
| Được phát hành: |
Hà Nội
Nông nghiệp
1998
|
| Những chủ đề: | |
| Các nhãn: |
Thêm thẻ
Không có thẻ, Là người đầu tiên thẻ bản ghi này!
|
| Thư viện lưu trữ: | Trung tâm Học liệu Trường Đại học Cần Thơ |
|---|
| LEADER | 00871nam a2200229Ia 4500 | ||
|---|---|---|---|
| 001 | CTU_37248 | ||
| 008 | 210402s9999 xx 000 0 und d | ||
| 020 | |c 13000 | ||
| 082 | |a 338.1 | ||
| 082 | |b Đ552 | ||
| 100 | |a Trần, Đức | ||
| 245 | 0 | |a Mô hình kinh tế trang trại vùng đồi núi | |
| 245 | 0 | |c Trần Đức | |
| 260 | |a Hà Nội | ||
| 260 | |b Nông nghiệp | ||
| 260 | |c 1998 | ||
| 520 | |a Sách giới thiệu những trang trại điển hình trong chăn nuôi, trồng trọt ở một số tỉnh thuộc trung du, miền núi như Tuyên Quang, Yên Bái, Thanh Hóa, Darlak. | ||
| 650 | |a Agriculture,Farm management,Rural development | ||
| 650 | |x Economic aspects | ||
| 650 | |z Vietnam | ||
| 904 | |i Minh, Giang sửa | ||
| 980 | |a Trung tâm Học liệu Trường Đại học Cần Thơ | ||